00555nam a22001457a 4500008004100000050001300041245008500054260005500139300001800194700002300212700002400235942001300259999001600272952012100288160908b xxu||||| |||| 00| 0 eng d a202/2008 aWebsite for local Ghanaian RestaurantscBoateng Dorcas A. and Loiusa K. Selormey aAccra:bWisconsin International University,c2008. aVarious pgs.: aBoateng, Dorcas A. a Selormey Loiusa K. 2lcccREF c6029d13529 00102lcc40708REFaWIUC-1bWIUC-1cSERIALSd2016-09-08l0o202/2008p202r2016-09-08 00:00:00t1w2016-09-08yREF